[Event "Steinfurt Bezirksklasse 1415"]
[Site "Germany"]
[Date "2015.01.17"]
[Round "5.3"]
[White "Kreft, Sebastian"]
[Black "Schroerluecke, Dieter"]
[Result "1/2-1/2"]
[WhiteElo "999"]
[BlackElo "1160"]
[PlyCount "44"]
[EventDate "2014.09.20"]
[EventType "team-tourn"]
[EventRounds "9"]
[EventCountry "GER"]
[SourceTitle "EXT 2016"]
[Source "ChessBase"]
[SourceDate "2015.10.08"]
[SourceVersion "1"]
[SourceVersionDate "2015.10.08"]
[SourceQuality "1"]
[WhiteTeam "Steinfurt IV"]
[BlackTeam "Ibbenbueren III"]
[WhiteTeamCountry "GER"]
[BlackTeamCountry "GER"]

1. e4 c5 2. Nc3 d6 3. Nf3 Nf6 4. Bc4 h6 5. d3 Nc6 6. Bf4 e5 7. Bg3 Be7 8. Nh4 Nd4 9. Nf5 Bxf5 10. exf5 Nxf5 11. Qf3 Nxg3 12. Qxg3 0-0 13. 0-0 a6 14. Rfe1 b5 15. Bb3 Rc8 16. a3 c4 17. Ba2 cxd3 18. cxd3 Qb6 19. Re2 b4 20. axb4 Qxb4 21. Nd5 Nxd5 22. Bxd5 Qh4 1/2-1/2